000 00590nam a2200193Ia 4500
005 20260120131822.0
008 008 260114s9999 xx 000 0 eng d
020 _a9780197723371
037 _aEBOOK
040 _aCRL
_beng
_cCRL
041 _aeng
_2eng
084 _qCRL
100 _aClayton
_9931575
245 0 _aCharles Dickens in Cyberspace: The Afterlife of the Nineteenth Century in Postmodern Culture
260 _bOxford University PressOxford University Press
_c2023
856 _uhttps://academic.oup.com/book/48581
942 _cEBOOK
999 _c1523497
_d1523497